书目信息 |
| 题名: |
生物药剂学与药物动力学
|
|
| 作者: | 余敬谋 , 黄建耿 主编 | |
| 分册: | ||
| 出版信息: | 武汉 华中科技大学出版社 2019.08 |
|
| 页数: | 350页 | |
| 开本: | 28cm | |
| 丛书名: | 全国高等院校药学类创新型系列“十三五”规划教材 | |
| 单 册: | ||
| 中图分类: | R945 , R969.1 | |
| 科图分类: | ||
| 主题词: | 生物药剂学--sheng wu yao ji xue--高等学校--教材 , 药物代谢动力学--yao wu dai xie dong li xue--高等学校--教材 | |
| 电子资源: | ||
| ISBN: | 978-7-5680-5524-6 | |
| 000 | 01407nam 2200301 450 | |
| 001 | 0100016032 | |
| 005 | 20200929160439.0 | |
| 010 | @a978-7-5680-5524-6@dCNY69.80 | |
| 100 | @a20190912d2019 em y0chiy50 ea | |
| 101 | 0 | @achi |
| 102 | @aCN@b420000 | |
| 105 | @aa z 000yy | |
| 106 | @ar | |
| 200 | 1 | @a生物药剂学与药物动力学@Asheng wu yao ji xue yu yao wu dong li xue@f主编余敬谋, 黄建耿 |
| 210 | @a武汉@c华中科技大学出版社@d2019.08 | |
| 215 | @a350页@c图@d28cm | |
| 225 | 2 | @a全国高等院校药学类创新型系列“十三五”规划教材@Aquan guo gao deng yuan xiao yao xue lei chuang xin xing xi lie “ shi san wu ” gui hua jiao cai |
| 330 | @a本教材系统地阐述药物在体内过程以及影响因素、药物动力学在临床实践和药物设计中的应用以及对生物药剂学的基本概念与理论及其在新药研发和临床实践等方面的具体应用。在章节内容编写上, 生物药剂学与药物动力学注重理论与实践的结合, 书中引用大量例子有利于对所阐述理论知识的理解。 | |
| 333 | @a供药学、药物制剂、临床药学、制药工程、中药学、医药营销及相关专业使用 | |
| 410 | 0 | @12001 @a全国高等院校药学类创新型系列“十三五”规划教材 |
| 606 | 0 | @a生物药剂学@Asheng wu yao ji xue@x高等学校@j教材 |
| 606 | 0 | @a药物代谢动力学@Ayao wu dai xie dong li xue@x高等学校@j教材 |
| 690 | @aR945@v5 | |
| 690 | @aR969.1@v5 | |
| 701 | 0 | @a余敬谋@Ayu jing mou@4主编 |
| 701 | 0 | @a黄建耿@Ahuang jian geng@4主编 |
| 801 | 0 | @aCN@c20190912 |
| 905 | @a河南城建学院图书馆@dR945@f2@eY757 | |
| 生物药剂学与药物动力学/主编余敬谋, 黄建耿.-武汉:华中科技大学出版社,2019.08 |
| 350页:图;28cm.-(全国高等院校药学类创新型系列“十三五”规划教材) |
| 使用对象:供药学、药物制剂、临床药学、制药工程、中药学、医药营销及相关专业使用 |
| ISBN 978-7-5680-5524-6:CNY69.80 |
| 本教材系统地阐述药物在体内过程以及影响因素、药物动力学在临床实践和药物设计中的应用以及对生物药剂学的基本概念与理论及其在新药研发和临床实践等方面的具体应用。在章节内容编写上, 生物药剂学与药物动力学注重理论与实践的结合, 书中引用大量例子有利于对所阐述理论知识的理解。 |
| ● |
| 相关链接 |
|
|
|
正题名:生物药剂学与药物动力学
索取号:R945/Y757
 
预约/预借
| 序号 | 登录号 | 条形码 | 馆藏地/架位号 | 状态 | 备注 |
| 1 | 1492865 | 214928658 | 自科库401/401自科库 22排4列5层/ [索取号:R945/Y757] | 在馆 | |
| 2 | 1492866 | 214928667 | 自科库401/401自科库 22排4列5层/ [索取号:R945/Y757] | 在馆 |